Plan recognition in natural language dialogue

Αποθηκεύτηκε σε:
Λεπτομέρειες βιβλιογραφικής εγγραφής
Κύριος συγγραφέας: Carberry, Sandra
Μορφή: Βιβλίο
Γλώσσα:English
Δημοσίευση: Cambridge, Mass. : MIT Press, c1990
Σειρά:ACL-MIT Press series in natural-language processing
Θέματα:
Ετικέτες: Προσθήκη ετικέτας
Δεν υπάρχουν, Καταχωρήστε ετικέτα πρώτοι!

MARC

LEADER 00000cam a2200000 i 4500
001 1/28408
008 941103s1990 eng d
020 |a 0262031671 
035 |a 1993  |c ΔΑΡΖΕΝΤΑΣ  |l 10038067 
040 |a GR-MY-UA  |b gre  |e aacr 
041 0 |a eng 
082 0 |a 006.3 
100 1 |a Carberry, Sandra. 
245 1 0 |a Plan recognition in natural language dialogue /  |c Sandra Carberry 
260 |a Cambridge, Mass. :   |b MIT Press,   |c c1990 
300 |a xi, 286 p.;  |b ill.;  |c 24 cm. 
490 1 |a ACL-MIT Press series in natural language processing 
500 |a "A Bradford book." 
500 |a Includes bibliographical references (p. [269]-278) and index 
650 0 0 |a Artificial intelligence. 
650 0 0 |a Computational linguistics. 
650 0 0 |a Pattern perception. 
650 0 0 |a Models, Theoretical. 
830 0 |a ACL-MIT Press series in natural-language processing 
852 |a INST  |b SAMOS  |e 19941103  |h 006.3 CAR  |p 005300005896  |q 005300005896  |t BK  |y 0 
909 |a Σ  |b 026917